| 000 | 00559nam a22002177a 4500 | ||
|---|---|---|---|
| 003 | UA-OsUOA | ||
| 001 | 42075 | ||
| 007 | ta | ||
| 008 | 20081119b un ||||| |||| 00| 0 ukr d | ||
| 090 |
_a94(477).152 (К) _bК19 |
||
| 942 | _cBR | ||
| 040 |
_aUA-OsUOA _bukr _cUA-OsUOA _dUA-OsUOA |
||
| 245 | _aКанада вітала президента України | ||
| 300 | _a8 с. | ||
| 955 | _a4 | ||
| 041 | _aukr | ||
| 080 | _a94(477).152 (К) | ||
| 260 | _c1995 | ||
| 650 | 7 |
_a9 Географія. Біографії. Історія _2UDC |
|
| 999 |
_c440575 _d440575 |
||